000 00638nam a2200217 a 4500
001 BRCA_5547
005 20190320205127.0
008 280311s1929----nyua#####c---#000-0#eng-#
041 _aeng
044 _anyu
050 4 _aN5220
_b.C38 1929
245 1 0 _aA Catalogue of Paintings in The Bache Collection
_cthe Metropolitan Museum of Art.
260 _aNueva York
_bB. William
_c1929
300 _a54 p.
_bil.
_c24 cm.
500 _aIncluye biografĂ­as de pintores
500 _aF23
650 1 4 _aPintura
_vCatálogos
_xColecciones privadas
_914154
710 2 _aThe Metropolitan Museum of Art
_914155
902 _aGFM
942 _2lcc
_cB
999 _c5241
_d5241